[Event "WEM Meisterturnier 2015"]
[Site "Stuttgart Botnang"]
[Date "2015.08.29"]
[Round "2.9"]
[White "Schmidt, Olaf"]
[Black "Behrendt, Clemens"]
[Result "0-1"]
[WhiteElo "2154"]
[BlackElo "2120"]
[PlyCount "70"]
[EventDate "2015.??.??"]
[EventCountry "GER"]
[SourceDate "2015.09.01"]
[WhiteTeam "SF Pfullingen"]
[BlackTeam "SC Böblingen"]

1. Nf3 Nf6 2. g3 g6 3. d4 Bg7 4. Bg2 O-O 5. O-O d5 6. Na3 b6 7. c4 e6 8. Bf4
Bb7 9. Rc1 c6 10. Qd2 Ne4 11. Qe3 Nd7 12. Rfd1 Rc8 13. Nb1 c5 14. dxc5 bxc5 15.
cxd5 exd5 16. Rc2 Re8 17. Qc1 Qe7 18. Nc3 Nxc3 19. bxc3 Nb6 20. h4 Bc6 21. Re1
Ba4 22. Rd2 d4 23. Ng5 dxc3 24. Rd6 Rcd8 25. Ne4 Rxd6 26. Bxd6 Qe6 27. Bf4 c2
28. Qa3 Bf8 29. Bg5 c4 30. Qc3 Bg7 31. Qa5 h6 32. Be3 Bc6 33. Nc5 Qc8 34. Bf1
Rxe3 35. fxe3 Qf5 0-1

[Event "WEM Meisterturnier 2015"]
[Site "Stuttgart Botnang"]
[Date "2015.08.29"]
[Round "2.10"]
[White "Gabriel, Robert"]
[Black "Amos, Frank"]
[Result "1/2-1/2"]
[WhiteElo "2184"]
[BlackElo "2106"]
[PlyCount "45"]
[EventDate "2015.??.??"]
[EventCountry "GER"]
[SourceDate "2015.09.01"]
[WhiteTeam "Stuttgarter SF"]
[BlackTeam "SK Lauffen"]

1. d4 g6 2. e4 Bg7 3. Nf3 d6 4. Bc4 c6 5. O-O Nf6 6. Qe2 O-O 7. Re1 (7. e5 dxe5
8. dxe5 Nd5 9. Rd1 Bg4) 7... d5 8. exd5 cxd5 9. Bd3 Nc6 10. c3 h6 11. h3 Bf5
12. Bxf5 gxf5 13. Bf4 e6 (13... Ne4 14. Ne5 Nxe5 15. dxe5 Qb6) 14. Ne5 Nxe5 (
14... Ne7) 15. Bxe5 Ne4 16. Bxg7 Kxg7 17. Nd2 Nxd2 18. Qxd2 Qh4 19. Kh2 Rg8 20.
g3 Qg5 21. Qxg5+ hxg5 22. f4 Kf6 23. Rf1 1/2-1/2

[Event "WEM Meisterturnier 2015"]
[Site "Stuttgart Botnang"]
[Date "2015.08.29"]
[Round "2.11"]
[White "Meschke, Andreas"]
[Black "Höglauer, Patrick"]
[Result "0-1"]
[WhiteElo "2098"]
[BlackElo "2168"]
[PlyCount "76"]
[EventDate "2015.??.??"]
[EventCountry "GER"]
[SourceDate "2015.09.01"]
[WhiteTeam "SV Marbach"]
[BlackTeam "SV Backnang"]

1. e4 c6 2. Nc3 d5 3. Nf3 dxe4 4. Nxe4 Bg4 5. Bc4 e6 6. d3 Nd7 7. Bf4 Nb6 8.
Bb3 Nf6 9. Qe2 Be7 10. h3 Bh5 11. O-O-O a5 12. a3 a4 13. Ba2 Nbd5 14. Be5 Bg6
15. g4 O-O 16. Ne1 Nd7 17. Ng3 Nxe5 18. Qxe5 Bg5+ 19. Kb1 Bf6 20. Qe2 Qb6 21.
Bb3 axb3 22. c4 Nf4 23. Qd2 Qd4 24. Ne2 Nxe2 25. Qxe2 Qe5 26. Qxe5 Bxe5 27. h4
h6 28. Nf3 Bf4 29. Rh3 Rfd8 30. Ne1 Rd4 31. Ka1 Rad8 32. Ng2 e5 33. h5 Rxd3 34.
Rhxd3 Bxd3 35. Ne1 e4 36. f3 Re8 37. Ng2 Bg3 38. fxe4 Bxe4 0-1

[Event "WEM Meisterturnier 2015"]
[Site "Stuttgart Botnang"]
[Date "2015.08.29"]
[Round "2.12"]
[White "Kunz, Walter"]
[Black "Gabriel, Josef"]
[Result "1-0"]
[WhiteElo "2167"]
[BlackElo "2094"]
[PlyCount "131"]
[EventDate "2015.??.??"]
[EventCountry "GER"]
[SourceDate "2015.09.01"]
[WhiteTeam "SC Botnang"]
[BlackTeam "Stuttgarter SF"]

1. e4 g6 2. d4 Bg7 3. f4 c6 4. Nf3 d5 5. e5 h5 6. c3 Nh6 7. Bd3 Bg4 8. Be3 e6
9. Nbd2 Nd7 10. O-O Bf8 11. Qe1 Be7 12. Bf2 Bf5 13. Bxf5 Nxf5 14. g3 b5 15. Qe2
Nb6 16. Kg2 a5 17. Nb3 h4 18. g4 h3+ 19. Kh1 Nh4 20. Bxh4 Bxh4 21. g5 Ke7 22.
Rg1 Rh5 23. Rg4 Qh8 24. Nc5 a4 25. Rf1 Qh7 26. Ng1 Rh8 27. Rf3 Nc4 28. b3 axb3
29. axb3 Na3 30. Rf1 Ra8 31. Ra1 Qh8 32. Nf3 b4 33. cxb4 Nb5 34. Rgg1 Qc8 35.
Ra5 Rxa5 36. bxa5 Nc3 37. Qd3 Ne4 38. Nxe4 dxe4 39. Qxe4 Qa6 40. Rc1 Kf8 41. b4
Bf2 42. Qc2 Be3 43. Qc4 Qxc4 44. Rxc4 Ke7 45. Rxc6 Kd7 46. Rd6+ Kc7 47. b5 Rh8
48. b6+ Kb7 49. Rd7+ Ka6 50. Ra7+ Kb5 51. b7 Rb8 52. a6 Kb6 53. Ra8 Kc7 54. Ng1
Bxf4 55. Nxh3 Be3 56. Ng1 Bxg5 57. Nf3 Be3 58. Kg2 Bf4 59. Kf2 Bc1 60. Ke1 Bf4
61. Ke2 Bc1 62. Kd3 Bh6 63. Ke4 Bc1 64. d5 exd5+ 65. Kxd5 Bf4 66. Nd4 1-0

[Event "WEM Meisterturnier 2015"]
[Site "Stuttgart Botnang"]
[Date "2015.08.29"]
[Round "2.13"]
[White "Gustain, Marc"]
[Black "Schaffert, Walter"]
[Result "1-0"]
[WhiteElo "2156"]
[BlackElo "2091"]
[PlyCount "64"]
[EventDate "2015.??.??"]
[EventCountry "GER"]
[SourceDate "2015.09.01"]
[WhiteTeam "SF Deizisau"]
[BlackTeam "SG Ludwigsburg"]

1. d4 Nf6 2. Nf3 g6 3. Nc3 d5 4. Bf4 Bg7 5. e3 Nh5 6. Bg5 h6 7. Bh4 O-O 8. Ne5
c5 9. Qd2 cxd4 10. exd4 g5 11. Bg3 Nc6 12. O-O-O Bf5 13. f4 Bf6 14. Be2 Nxf4
15. Bxf4 gxf4 16. h4 e6 17. Qxf4 Rc8 18. g4 Bh7 19. g5 hxg5 20. Rdg1 Bxe5 21.
dxe5 f6 22. hxg5 fxe5 23. Qh4 Bg6 24. Qh8+ Kf7 25. Rf1+ Bf5 26. g6+ Ke7 27.
Qg7+ Kd6 28. Qxb7 Qb6 29. Nb5+ Kc5 30. Qd7 Qb8 31. g7 Rg8 32. Rf3 Qb6 {ZÜ} 1-0

[Event "WEM Meisterturnier 2015"]
[Site "Stuttgart Botnang"]
[Date "2015.08.29"]
[Round "2.14"]
[White "Bader, Gerd"]
[Black "Engelhart, Achim"]
[Result "0-1"]
[WhiteElo "2040"]
[BlackElo "2140"]
[PlyCount "68"]
[EventDate "2015.??.??"]
[EventCountry "GER"]
[SourceDate "2015.09.01"]
[WhiteTeam "SG Schwäbisch Gmünd"]
[BlackTeam "Post-SV Ulm"]

1. Nf3 d5 2. d3 c5 3. Nbd2 Nc6 4. e4 e6 5. c3 Bd6 6. Be2 Nge7 7. O-O O-O 8. Re1
Qc7 9. Nf1 d4 10. cxd4 cxd4 11. Bd2 e5 12. Nh4 a5 13. Bg4 Bb4 14. Bxc8 Qxc8 15.
a3 Bxd2 16. Nxd2 Qe6 17. Rc1 a4 18. Qh5 f6 19. Nf5 g6 20. Nh6+ Kg7 21. Qh4 Rac8
22. f4 exf4 23. e5 fxe5 24. Ne4 Nf5 25. Nxf5+ gxf5 26. Nc5 Qf7 27. Nxa4 Kh8 28.
Nb6 Rce8 29. Nc4 Re6 30. b4 b5 31. Nd2 Rg8 32. Kh1 Qg7 33. Rg1 Rh6 34. Qf2
Rxh2+ 0-1

[Event "WEM Meisterturnier 2015"]
[Site "Stuttgart Botnang"]
[Date "2015.08.29"]
[Round "2.15"]
[White "Müller, Nils Samuel"]
[Black "Schmidt, Tobias"]
[Result "0-1"]
[WhiteElo "1815"]
[BlackElo "2121"]
[PlyCount "86"]
[EventDate "2015.??.??"]
[EventCountry "GER"]
[SourceDate "2015.09.01"]
[WhiteTeam "SG KK Hohentübingen"]
[BlackTeam "SC Erdmannhausen"]

1. e4 e6 2. d4 d5 3. Nc3 Bb4 4. exd5 exd5 5. a3 Bxc3+ 6. bxc3 Ne7 7. Bd3 Bf5 8.
Bg5 f6 9. Be3 O-O 10. Qf3 Qd7 11. h3 Bxd3 12. cxd3 Qb5 13. Qd1 Nf5 14. Ne2 Re8
15. Qd2 Nxe3 16. fxe3 Nd7 17. O-O Nb6 18. Ng3 c5 19. Nf5 Rad8 20. dxc5 Qxc5 21.
Qf2 Qxc3 22. Rac1 Qe5 23. d4 Qe6 24. Rc7 Rd7 25. Rxd7 Qxd7 26. Qf4 Rc8 27. Qg3
Kh8 28. h4 Nc4 29. h5 Rf8 30. h6 g6 31. Nh4 Qe7 32. Re1 Nxa3 33. Qxg6 hxg6 34.
Nxg6+ Kh7 35. Nxe7 Rd8 36. Rc1 Rd7 37. Nf5 b5 38. Rc8 b4 39. Rb8 a5 40. Kf2 Nc2
41. Ke2 a4 42. Kd2 b3 43. Kc1 Ra7 0-1

[Event "WEM Meisterturnier 2015"]
[Site "Stuttgart Botnang"]
[Date "2015.08.31"]
[Round "3.1"]
[White "Fischer, Sebastian"]
[Black "Kabisch, Thilo"]
[Result "0-1"]
[WhiteElo "2222"]
[BlackElo "2286"]
[PlyCount "86"]
[EventDate "2015.??.??"]
[EventCountry "GER"]
[SourceDate "2015.09.01"]
[WhiteTeam "TSV Schönaich"]
[BlackTeam "SK Schmiden/Cannstatt"]

1. d4 Nf6 2. Nf3 d6 3. Bg5 Nbd7 4. Nbd2 h6 5. Bxf6 Nxf6 6. e4 g6 7. Bc4 c6 8.
Qe2 Bg7 9. e5 dxe5 10. Nxe5 Nd5 11. c3 O-O 12. O-O Qb6 13. Bb3 a5 14. Ndc4 Qc7
15. a4 b6 16. Rfe1 Ba6 17. Qf3 Rad8 18. h4 Bb7 19. Ne3 Rd6 20. Qg3 h5 21. N5c4
Rd7 22. Nxd5 cxd5 23. Ne5 Rd6 24. Re3 Bc8 25. Bc2 Qd8 26. Rae1 Rf6 27. Bxg6
fxg6 28. Nxg6 R8f7 29. Nxe7+ Kh7 30. Re5 Bf5 31. Qg5 Be4 32. f3 Rxe7 33. Rxe7
Qxe7 34. fxe4 dxe4 35. Qxh5+ Bh6 36. g4 Qd6 37. Qe5 Qxe5 38. dxe5 Rf4 39. Kg2
Rxg4+ 40. Kh3 Rf4 41. b4 Kg6 42. Rd1 e3 43. Rd6+ Kf5 0-1

[Event "WEM Meisterturnier 2015"]
[Site "Stuttgart Botnang"]
[Date "2015.08.31"]
[Round "3.2"]
[White "Hirneise, Jens"]
[Black "Sokratov, Stanislav"]
[Result "1-0"]
[WhiteElo "2254"]
[BlackElo "2192"]
[PlyCount "79"]
[EventDate "2015.??.??"]
[EventCountry "GER"]
[SourceDate "2015.09.01"]
[WhiteTeam "SF Deizisau"]
[BlackTeam "SC Erdmannhausen"]

1. e4 c6 2. Nc3 d5 3. Nf3 Bg4 4. h3 Bxf3 5. Qxf3 Nf6 6. Be2 e6 7. O-O Nbd7 8.
d4 dxe4 9. Nxe4 Nxe4 10. Qxe4 Be7 11. c4 O-O 12. Be3 Nf6 13. Qc2 Qc7 14. Rad1
Rfd8 15. Rd3 Ne4 16. Rfd1 Bf6 17. b4 Nd6 18. Bf4 Qe7 19. Be5 a5 20. a3 axb4 21.
axb4 Nf5 22. Qb2 Ra4 23. d5 Bxe5 24. Qxe5 cxd5 25. cxd5 exd5 26. Rxd5 Rxd5 27.
Rxd5 g6 28. Qxe7 Nxe7 29. Rd7 Nc6 30. b5 Ra1+ 31. Kh2 Na5 32. Bf3 Rb1 33. Bxb7
Rxb5 34. Bd5 Nb3 35. Bxf7+ Kh8 36. Rd3 Nc5 37. Rd5 Rb7 38. Bxg6 hxg6 39. Rxc5
Kg7 40. h4 1-0

[Event "WEM Meisterturnier 2015"]
[Site "Stuttgart Botnang"]
[Date "2015.08.31"]
[Round "3.3"]
[White "Behrendt, Clemens"]
[Black "Reuß, Andreas"]
[Result "0-1"]
[WhiteElo "2120"]
[BlackElo "2324"]
[PlyCount "66"]
[EventDate "2015.??.??"]
[EventCountry "GER"]
[SourceDate "2015.09.01"]
[WhiteTeam "SC Böblingen"]
[BlackTeam "Stuttgarter SF"]

1. Nf3 d5 2. g3 c6 3. Bg2 Bg4 4. d4 Nd7 5. Nbd2 e6 6. h3 Bh5 7. O-O f5 8. Ne5
Nxe5 9. dxe5 Bc5 10. Nb3 Bb6 11. a4 a5 12. Kh2 g5 13. Qd3 h6 14. c4 Ne7 15. c5
Bc7 16. f4 Rg8 17. Bd2 Rg7 18. Nd4 Qd7 19. b4 axb4 20. Rfb1 gxf4 21. gxf4 Kf7
22. Bf3 Bxf3 23. Qxf3 Ng6 24. Bxb4 Nxe5 25. Qh5+ Ng6 26. e3 Kg8 27. Bc3 Nxf4
28. exf4 Bxf4+ 29. Kh1 Be3 30. Qf3 f4 31. Ne2 d4 32. Rd1 e5 33. Bd2 Rg3 0-1

[Event "WEM Meisterturnier 2015"]
[Site "Stuttgart Botnang"]
[Date "2015.08.31"]
[Round "3.4"]
[White "Maj, Kornel"]
[Black "Namyslo, Holger"]
[Result "0-1"]
[WhiteElo "2051"]
[BlackElo "2227"]
[PlyCount "46"]
[EventDate "2015.??.??"]
[EventCountry "GER"]
[SourceDate "2015.09.01"]
[WhiteTeam "Stuttgarter SF"]
[BlackTeam "TG Biberach"]

1. e4 c5 2. a3 g6 3. Nc3 Bg7 4. h4 d6 5. h5 Nc6 6. Bc4 a6 7. Nge2 Bg4 8. f3 Bd7
9. d3 e6 10. a4 Nd4 11. Nxd4 cxd4 12. Ne2 Ne7 13. hxg6 hxg6 14. Rxh8+ Bxh8 15.
Bg5 Qa5+ 16. Qd2 Nc6 17. c3 dxc3 18. bxc3 b5 19. Bb3 b4 20. Rc1 bxc3 21. Nxc3
Qb6 22. Bd1 Qg1+ 23. Ke2 Nd4# 0-1

[Event "WEM Meisterturnier 2015"]
[Site "Stuttgart Botnang"]
[Date "2015.08.31"]
[Round "3.5"]
[White "Höglauer, Patrick"]
[Black "Grill, Bernd"]
[Result "1-0"]
[WhiteElo "2168"]
[BlackElo "2220"]
[PlyCount "67"]
[EventDate "2015.??.??"]
[EventCountry "GER"]
[SourceDate "2015.09.01"]
[WhiteTeam "SV Backnang"]
[BlackTeam "SV Ebersbach"]

1. d4 d5 2. c4 c6 3. cxd5 cxd5 4. Nf3 Nf6 5. Nc3 Nc6 6. Bf4 Bf5 7. e3 e6 8. Be2
Bd6 9. Qb3 O-O 10. Bxd6 Qxd6 11. O-O Na5 12. Qa4 b6 13. Rfc1 Rfc8 14. Ne5 a6
15. Qa3 Qd8 16. b3 b5 17. Nd1 Ne4 18. f3 Nd6 19. Nf2 f6 20. Ned3 Bxd3 21. Nxd3
Nf5 22. Kf2 Qb6 23. Rxc8+ Rxc8 24. Rc1 Rxc1 25. Qxc1 Qd6 26. Qc8+ Kf7 27. g3
Qc6 28. Qb8 Nb7 29. Qa7 Ne7 30. Nb4 Qc3 31. Nxa6 Nf5 32. Qxb7+ Kg6 33. Qxb5
Qxe3+ 34. Kg2 1-0

[Event "WEM Meisterturnier 2015"]
[Site "Stuttgart Botnang"]
[Date "2015.08.31"]
[Round "3.6"]
[White "Engelhart, Achim"]
[Black "Latzke, Boris"]
[Result "0-1"]
[WhiteElo "2140"]
[BlackElo "2257"]
[PlyCount "136"]
[EventDate "2015.??.??"]
[EventCountry "GER"]
[SourceDate "2015.09.01"]
[WhiteTeam "Post-SV Ulm"]
[BlackTeam "SK Bebenhausen"]

1. e4 e5 2. Nf3 Nc6 3. Nc3 Nf6 4. Bb5 Bc5 5. Nxe5 Nxe5 6. d4 Bd6 7. f4 Neg4 8.
e5 O-O 9. Be2 Nh6 10. exd6 Nf5 11. dxc7 Qxc7 12. O-O Qb6 13. Kh1 d6 14. d5 Bd7
15. Bd3 Rfe8 16. Rb1 Qc5 17. Qf3 Ne3 18. Bxe3 Rxe3 19. Qf2 Rae8 20. Qh4 h6 21.
Rbe1 Qb6 22. Rxe3 Rxe3 23. Nd1 Re8 24. c4 Qd4 25. Qg3 Bg4 26. Nf2 Re3 27. Qh4
Bd7 28. Rd1 Qxb2 29. h3 Qb6 30. Kh2 Kf8 31. Rd2 Re7 32. Rd1 Qa5 33. Rb1 b6 34.
Qg3 Qxa2 35. Ng4 Nxg4+ 36. hxg4 Qd2 37. Rf1 Qe3 38. Rf3 Qd4 39. g5 hxg5 40.
Qxg5 Qf6 41. Qh5 Qh6 42. Qxh6 gxh6 43. Bf1 Bg4 44. Ra3 Ke8 45. Kg3 h5 46. Ra1
Kd8 47. Kf2 a5 48. Bd3 Kc7 49. g3 Re8 50. Bf1 Ra8 51. Ke3 Rh8 52. Kf2 Bd7 53.
Be2 h4 54. gxh4 Rxh4 55. Kg3 Rh8 56. Bf3 a4 57. Ra3 Kb7 58. Ra1 Ka6 59. Kf2 Ka5
60. Be2 Rh2+ 61. Ke3 Kb4 62. Rb1+ Kc5 63. Ra1 Rh3+ 64. Kd2 a3 65. Ra2 Kd4 66.
Ra1 Bf5 67. Bf1 Rh2+ 68. Ke1 a2 0-1

[Event "WEM Meisterturnier 2015"]
[Site "Stuttgart Botnang"]
[Date "2015.08.31"]
[Round "3.8"]
[White "Reck, Moritz"]
[Black "Geshnizjani, Ramin Tobias"]
[Result "0-1"]
[WhiteElo "2157"]
[BlackElo "2081"]
[PlyCount "130"]
[EventDate "2015.??.??"]
[EventCountry "GER"]
[SourceDate "2015.09.01"]
[WhiteTeam "TSV Schönaich"]
[BlackTeam "Heilbronner SV"]

1. e4 c5 2. Nc3 Nc6 3. g3 g6 4. Bg2 Bg7 5. d3 e6 6. Be3 Nd4 7. Qd2 Ne7 8. Nd1
b6 9. c3 Ndc6 10. Bh6 O-O 11. h4 f5 12. h5 Qe8 13. Bf3 Ba6 14. Bxg7 Kxg7 15.
hxg6 hxg6 16. Qh6+ Kf6 17. Qh4+ Kg7 18. Qh6+ Kf6 19. Nh3 Ne5 20. Be2 Rh8 21.
Qd2 Kg7 22. f4 Ng4 23. Bxg4 fxg4 24. Nhf2 Rxh1+ 25. Nxh1 d5 26. Ndf2 dxe4 27.
Nxe4 Rd8 28. Nhf2 Nf5 29. O-O-O Qa4 30. b3 Qa3+ 31. Qb2 Qxb2+ 32. Kxb2 Ne3 33.
Re1 Nf5 34. Ng5 Bc8 35. Nxe6+ Bxe6 36. Rxe6 Nxg3 37. Re7+ Kf8 38. Rxa7 Ne2 39.
Nxg4 Nxf4 40. Rb7 Nxd3+ 41. Kc2 Rd6 42. Ne3 Ne5 43. a4 g5 44. Nf5 Rf6 45. Ng3
g4 46. Kd1 Rf3 47. Ne2 g3 48. Rxb6 g2 49. Re6 Rf1+ 50. Kc2 Rf2 51. Rxe5 g1=Q
52. Rf5+ Ke7 53. Rxf2 Qxf2 54. Kd3 Qf5+ 55. Kd2 Qb1 56. b4 cxb4 57. cxb4 Qxb4+
58. Nc3 Ke6 59. Kd3 Ke5 60. Kc2 Kd4 61. Ne2+ Kc4 62. Nf4 Qxa4+ 63. Kd2 Qb3 64.
Ke2 Kd4 65. Ne6+ Qxe6+ 0-1

[Event "WEM Meisterturnier 2015"]
[Site "Stuttgart Botnang"]
[Date "2015.08.31"]
[Round "3.9"]
[White "Fuß, Klaus"]
[Black "Gustain, Marc"]
[Result "0-1"]
[WhiteElo "2099"]
[BlackElo "2156"]
[PlyCount "60"]
[EventDate "2015.??.??"]
[EventCountry "GER"]
[SourceDate "2015.09.01"]
[WhiteTeam "SG Turm Albstadt"]
[BlackTeam "SF Deizisau"]

1. g3 c5 2. Bg2 Nc6 3. f4 d5 4. Nf3 g6 5. d3 Bg7 6. Nc3 Nf6 7. O-O d4 8. Ne4
Nxe4 9. dxe4 Qb6 10. e5 O-O 11. e3 Rd8 12. exd4 cxd4 13. Kh1 Bf5 14. Nh4 Be6
15. Qe2 Qc5 16. b3 Rac8 17. Rd1 Nb4 18. Ba3 Qxc2 19. Rd2 d3 20. Qf2 Qc3 21. Rc1
Nc2 22. Bxe7 Rd7 23. Bf6 Bxf6 24. exf6 Qxf6 25. Rcd1 b6 26. Be4 Bd5 27. Bxd5
Rxd5 28. Kg2 Re8 29. Rxd3 Rxd3 30. Rxd3 Ne1+ 0-1

[Event "WEM Meisterturnier 2015"]
[Site "Stuttgart Botnang"]
[Date "2015.08.31"]
[Round "3.10"]
[White "Smolny, Frieder"]
[Black "Koch, Martin"]
[Result "1-0"]
[WhiteElo "2156"]
[BlackElo "2058"]
[PlyCount "155"]
[EventDate "2015.??.??"]
[EventCountry "GER"]
[SourceDate "2015.09.01"]
[WhiteTeam "SC Weiße Dame Ulm"]
[BlackTeam "SC Botnang"]

1. d4 Nf6 2. c4 g6 3. g3 Bg7 4. Bg2 d6 5. Nf3 O-O 6. O-O Nc6 7. Nc3 a6 8. b3
Rb8 9. Nd5 e6 10. Nxf6+ Bxf6 11. Bh6 Re8 12. Qd2 e5 13. d5 Ne7 14. e4 Bg7 15.
c5 f5 16. cxd6 Qxd6 17. Bxg7 Kxg7 18. Qc3 fxe4 19. Nd2 Nxd5 20. Qb2 Bf5 21.
Rad1 c6 22. Bxe4 b5 23. Rfe1 Kg8 24. Nf3 Bg4 25. Rd3 Bxf3 26. Bxf3 Re7 27. Qd2
Rd8 28. Qa5 Rde8 29. Be4 Ra7 30. Qb6 Qc7 31. Qc5 Qe7 32. Bxd5+ cxd5 33. Qxd5+
Kg7 34. Rde3 Qf6 35. Rxe5 Rxe5 36. Rxe5 Re7 37. Rxe7+ Qxe7 38. h4 Qa3 39. Qd2
Qc5 40. Kh2 Qc6 41. Qd4+ Kg8 42. Qd8+ Kg7 43. Qe7+ Kg8 44. Qa7 Qe6 45. Qa8+ Kg7
46. Qb7+ Kg8 47. Kg2 Qd6 48. a4 bxa4 49. bxa4 Qd3 50. Qb8+ Kg7 51. Qe5+ Kg8 52.
a5 Qc4 53. Qb8+ Kg7 54. Qb6 Qe4+ 55. Kf1 Qd3+ 56. Ke1 Kg8 57. Qc5 Kg7 58. Qe5+
Kg8 59. h5 gxh5 60. Qxh5 Kg7 61. Qc5 Kg8 62. Qe5 Qc4 63. Kd2 Kf7 64. Ke3 Qc1+
65. Kf3 Qd1+ 66. Kg2 Qd3 67. g4 Kg8 68. f3 Kf7 69. Kg3 Kg8 70. g5 Qf1 71. f4
Qc4 72. Kg4 Qd3 73. Qe8+ Kg7 74. Qe6 Qf1 75. Qe7+ Kg8 76. Kf5 Qb1+ 77. Qe4 Qb5+
78. Kf6 1-0

[Event "WEM Meisterturnier 2015"]
[Site "Stuttgart Botnang"]
[Date "2015.08.31"]
[Round "3.11"]
[White "Gheng, Josef"]
[Black "Reimche, Vadim"]
[Result "1-0"]
[WhiteElo "2376"]
[BlackElo "2005"]
[PlyCount "93"]
[EventDate "2015.??.??"]
[EventCountry "GER"]
[SourceDate "2015.09.01"]
[WhiteTeam "SC Erdmannhausen"]
[BlackTeam "SF Ravensburg"]

1. c4 Nf6 2. g3 e6 3. Bg2 d5 4. Qb3 Nc6 5. Nf3 Be7 6. O-O O-O 7. d3 a6 8. a3 b5
9. cxd5 Nxd5 10. Nc3 Na5 11. Qc2 Bb7 12. Ne4 Nf6 13. Bd2 c5 14. Bxa5 Qxa5 15.
Nxc5 Bxc5 16. Qxc5 Rfc8 17. Qe5 Qc7 18. Qxc7 Rxc7 19. Rfc1 Rac8 20. Rxc7 Rxc7
21. Ne1 Bxg2 22. Kxg2 Kf8 23. Kf3 Ke7 24. h3 Rc5 25. e3 Rh5 26. h4 Rc5 27. Ke2
Kd7 28. d4 Rc4 29. Nd3 Kd6 30. Rc1 Rxc1 31. Nxc1 Kd5 32. f3 a5 33. Kd3 a4 34.
e4+ Kc6 35. Kc3 Kb6 36. g4 h6 37. Nd3 Nd7 38. g5 hxg5 39. hxg5 f6 40. Nf4 e5
41. Nd5+ Ka5 42. f4 exf4 43. gxf6 gxf6 44. Nxf4 Kb6 45. Kb4 Kc6 46. Nd5 Kd6 47.
Nc3 1-0

[Event "WEM Meisterturnier 2015"]
[Site "Stuttgart Botnang"]
[Date "2015.08.31"]
[Round "3.12"]
[White "Amos, Frank"]
[Black "Schmidt, Olaf"]
[Result "1/2-1/2"]
[WhiteElo "2106"]
[BlackElo "2154"]
[PlyCount "61"]
[EventDate "2015.??.??"]
[EventCountry "GER"]
[SourceDate "2015.09.01"]
[WhiteTeam "SK Lauffen"]
[BlackTeam "SF Pfullingen"]

1. e4 e5 2. Nc3 Nf6 3. Bc4 Bc5 4. d3 O-O 5. Bg5 d6 6. Nd5 Nbd7 7. b4 Bb6 8. Qf3
h6 9. Nxf6+ Nxf6 10. h4 Be6 11. Ne2 c6 12. Bb3 Re8 13. Bxe6 fxe6 14. Bxf6 Qxf6
15. Qxf6 gxf6 16. O-O a5 17. Rfb1 a4 18. Rd1 Rf8 19. Kf1 f5 20. f3 d5 21. exd5
cxd5 22. f4 Rac8 23. fxe5 Be3 24. c3 f4 25. Ng1 Rxc3 26. Re1 a3 27. Rad1 Rc2
28. Re2 Rfc8 29. Nh3 Rxe2 30. Kxe2 Rc2+ 31. Kf3 1/2-1/2

[Event "WEM Meisterturnier 2015"]
[Site "Stuttgart Botnang"]
[Date "2015.08.31"]
[Round "3.13"]
[White "Meschke, Andreas"]
[Black "Gabriel, Robert"]
[Result "1/2-1/2"]
[WhiteElo "2098"]
[BlackElo "2184"]
[PlyCount "51"]
[EventDate "2015.??.??"]
[EventCountry "GER"]
[SourceDate "2015.09.01"]
[WhiteTeam "SV Marbach"]
[BlackTeam "Stuttgarter SF"]

1. e4 c5 2. Nf3 e6 3. Nc3 a6 4. d4 cxd4 5. Nxd4 Qc7 6. Bd3 Nc6 7. Nb3 Nf6 8.
O-O Be7 9. f4 d5 10. exd5 exd5 11. Qf3 O-O 12. Nxd5 Nxd5 13. Qxd5 Nb4 14. Qf3
Nxd3 15. Qxd3 Rd8 16. Qe4 Be6 17. f5 Bd5 18. Qg4 h5 19. Qxh5 Qxc2 20. Qg4 Bf6
21. Rf2 Qd3 22. Bg5 Bxg5 23. Qxg5 f6 24. Qh5 Bxb3 25. axb3 Qe3 26. Qe2 1/2-1/2

[Event "WEM Meisterturnier 2015"]
[Site "Stuttgart Botnang"]
[Date "2015.08.31"]
[Round "3.14"]
[White "Gabriel, Josef"]
[Black "Bader, Gerd"]
[Result "1-0"]
[WhiteElo "2094"]
[BlackElo "2040"]
[PlyCount "115"]
[EventDate "2015.??.??"]
[EventCountry "GER"]
[SourceDate "2015.09.01"]
[WhiteTeam "Stuttgarter SF"]
[BlackTeam "SG Schwäbisch Gmünd"]

1. e4 d6 2. d4 e5 3. Nf3 Nd7 4. Bc4 c6 5. O-O Be7 6. c3 Ngf6 7. Qe2 O-O 8. Rd1
Qc7 9. Bb3 a5 10. Nbd2 a4 11. Bc2 Re8 12. dxe5 dxe5 13. Nc4 b5 14. Ne3 Bc5 15.
h3 Nf8 16. Nh4 Ng6 17. Nhf5 Be6 18. Qf3 Rad8 19. Rxd8 Rxd8 20. Ng4 Nxg4 21.
Qxg4 Qd7 22. Qg3 Qc7 23. h4 Bxf5 24. exf5 Nf4 25. Qf3 f6 26. Be4 Qd6 27. Bxf4
exf4 28. Bxc6 Qd2 29. Bxb5 Qxb2 30. Bc4+ Kh8 31. Rf1 Qd2 32. Qc6 Ba3 33. Qxa4
Qxc3 34. Bb3 Bb2 35. Qxf4 h6 36. g3 Qc5 37. Qf3 Be5 38. Kg2 Qc8 39. Bd5 Qc5 40.
Rd1 Rb8 41. Bb3 Qc7 42. Qd5 Kh7 43. Qe6 Qb7+ 44. Bd5 Qa7 45. Rd3 Rd8 46. Bb3
Bd4 47. g4 Qa8+ 48. Rf3 Be5 49. g5 hxg5 50. hxg5 Qe4 51. Qc4 Bd4 52. Qf7 Qg4+
53. Rg3 Qe4+ 54. Kh2 Qh4+ 55. Rh3 Be5+ 56. Kg2 Qxh3+ 57. Kxh3 Rd3+ 58. Kg2 1-0

[Event "WEM Meisterturnier 2015"]
[Site "Stuttgart Botnang"]
[Date "2015.08.31"]
[Round "3.15"]
[White "Schaffert, Walter"]
[Black "Müller, Nils Samuel"]
[Result "1-0"]
[WhiteElo "2091"]
[BlackElo "1815"]
[PlyCount "51"]
[EventDate "2015.??.??"]
[EventCountry "GER"]
[SourceDate "2015.09.01"]
[WhiteTeam "SG Ludwigsburg"]
[BlackTeam "SG KK Hohentübingen"]

1. e4 c5 2. Nf3 e6 3. b3 d6 4. Bb2 Nc6 5. d4 cxd4 6. Nxd4 Nf6 7. Nxc6 bxc6 8.
Bd3 d5 9. e5 Nd7 10. O-O Bc5 11. Kh1 Bb6 12. Nd2 Nc5 13. Be2 O-O 14. f4 Bb7 15.
Qe1 Ne4 16. Nxe4 dxe4 17. Bc4 c5 18. Qg3 Qe7 19. f5 exf5 20. Rxf5 h6 21. Raf1
Rad8 22. h4 Bc7 23. Rxf7 Rxf7 24. Rxf7 Qxf7 25. Bxf7+ Kxf7 26. e6+ 1-0

[Event "WEM Meisterturnier 2015"]
[Site "Stuttgart Botnang"]
[Date "2015.09.01"]
[Round "4.1"]
[White "Reuß, Andreas"]
[Black "Hirneise, Jens"]
[Result "1-0"]
[WhiteElo "2324"]
[BlackElo "2254"]
[PlyCount "91"]
[EventDate "2015.??.??"]
[EventCountry "GER"]
[SourceDate "2015.09.01"]
[WhiteTeam "Stuttgarter SF"]
[BlackTeam "SF Deizisau"]

1. d4 Nf6 2. c4 g6 3. d5 c6 4. Nc3 e6 5. d6 Qa5 6. f4 Bg7 7. Bd2 Qc5 8. e4 e5
9. Qe2 Nh5 10. fxe5 Bxe5 11. Nf3 O-O 12. Nxe5 Qxe5 13. O-O-O b5 14. Be3 b4 15.
Na4 Na6 16. Qf3 Qa5 17. b3 Qe5 18. Kb1 c5 19. Rd5 Qe6 20. Bh6 Bb7 21. Bd3 Ng7
22. g4 Rae8 23. Rf1 f6 24. Qg3 Bc6 25. Nb2 Nb8 26. Re1 Bxd5 27. cxd5 Qf7 28.
Rf1 Kh8 29. Bg5 Nf5 30. gxf5 fxg5 31. f6 g4 32. Qxg4 Re5 33. Nc4 Rh5 34. Qg3
Re8 35. h4 Kg8 36. Qf4 Kf8 37. Rf2 g5 38. hxg5 Rh3 39. Bc2 Rh1+ 40. Kb2 Rh5 41.
Ne5 Rh4 42. Qxh4 Rxe5 43. Qh2 Re8 44. Qh6+ Kg8 45. e5 Rxe5 46. Rh2 1-0

[Event "WEM Meisterturnier 2015"]
[Site "Stuttgart Botnang"]
[Date "2015.09.01"]
[Round "4.2"]
[White "Namyslo, Holger"]
[Black "Kabisch, Thilo"]
[Result "1/2-1/2"]
[WhiteElo "2227"]
[BlackElo "2286"]
[PlyCount "104"]
[EventDate "2015.??.??"]
[EventCountry "GER"]
[SourceDate "2015.09.01"]
[WhiteTeam "TG Biberach"]
[BlackTeam "SK Schmiden/Cannstatt"]

1. e4 c5 2. Nf3 Nc6 3. d4 cxd4 4. Nxd4 e5 5. Nb5 d6 6. N1c3 a6 7. Na3 Be7 8.
Nd5 Nf6 9. Nxf6+ Bxf6 10. Bd3 d5 11. exd5 Qxd5 12. O-O Be6 13. Bc4 Qxd1 14.
Rxd1 Ke7 15. c3 Rhd8 16. Be3 Bxc4 17. Nxc4 Ke6 18. Bb6 Rxd1+ 19. Rxd1 Be7 20.
f3 Rc8 21. Ne3 Nb8 22. Nd5 Bd6 23. Kf1 Nd7 24. Bf2 Bc5 25. Bxc5 Rxc5 26. Ne3 b5
27. Ke2 g6 28. g4 h6 29. h4 a5 30. Rd2 a4 31. a3 Rc8 32. Rd1 Nb6 33. h5 gxh5
34. Rh1 hxg4 35. Rxh6+ f6 36. fxg4 Rg8 37. Kf3 Nc4 38. Nd1 Rd8 39. Nf2 Kf7 40.
Rh7+ Kg6 41. Rb7 Rd2 42. Rxb5 Rxb2 43. Rc5 Nd2+ 44. Ke3 Ra2 45. Rc6 Kf7 46. Ra6
Nc4+ 47. Kf3 Rxa3 48. Ne4 Kg7 49. Nxf6 Rxc3+ 50. Ke4 a3 51. g5 Nd2+ 52. Kxe5
Rc5+ 1/2-1/2